| 000 | 00716nam a22002177a 4500 | ||
|---|---|---|---|
| 999 |
_c10443 _d10443 |
||
| 003 | AR-CdUCM | ||
| 008 | 190401b ||||| |||| 00| 0 spa d | ||
| 040 |
_aMUNICIPALIDAD PROVINCIAL DEL CUSCO _cBIBLIOTECA MUNICIPAL DEL CUSCO |
||
| 082 |
_aES / 800 / _bM22 _23ed. |
||
| 100 |
_aManuel, Don Juan _927297 |
||
| 245 | _aEl Conde Lucanor / | ||
| 260 |
_aBuenos Aires ; _bAtlantida S. A. ; _c1958. |
||
| 300 |
_a123 páginas ; _bIlustraciones _c17cm |
||
| 440 |
_aBiblioteca Billiken - Colección Roja _927273 |
||
| 505 | _aContenido: Novela | ||
| 650 |
_aNovela _9572 |
||
| 650 |
_aLiteratura juvenil _91580 |
||
| 700 |
_aDieste, Rafael (selección y adaptación) _927298 |
||
| 942 |
_2ddc _cLIBROS |
||
| 945 | _anom | ||